[Event "COL-ch sf2 U16"]
[Site "Bocagrande"]
[Date "2019.05.09"]
[Round "1.4"]
[White "Florez Hernandez, Alejandro"]
[Black "Salcedo Rodelo, Brayan"]
[Result "0-1"]
[WhiteElo "1312"]
[BlackElo "1623"]
[PlyCount "74"]
[EventDate "2019.05.09"]
[EventType "swiss"]
[EventRounds "6"]
[EventCountry "COL"]
[SourceTitle "EXT 2024"]
[Source "ChessBase"]
[SourceDate "2023.10.10"]
[SourceVersion "1"]
[SourceVersionDate "2023.10.10"]
[SourceQuality "1"]

1. e4 c5 2. Nf3 Nc6 3. Bc4 d6 4. Nc3 g6 5. 0-0 Bg7 6. d3 Nf6 7. Bd2 0-0 8. Re1 a6 9. a4 Nb4 10. Rb1 Bg4 11. h3 Bxf3 12. Qxf3 Nxc2 13. Nd5 Nxe1 14. Rxe1 Nxd5 15. Bxd5 e6 16. Bxb7 Ra7 17. e5 d5 18. Bxd5 Qxd5 19. Qe3 Rb7 20. Bc3 Rd8 21. a5 Qxd3 22. Qxc5 Qb5 23. Qe3 Rbd7 24. Qf3 Qb3 25. Qe2 Rd1 26. Rxd1 Qxd1+ 27. Qf1 Bh6 28. g3 Qf3 29. Kh2 Rd1 30. Qg2 Qxg2+ 31. Kxg2 Bd2 32. Bxd2 Rxd2 33. b4 Rb2 34. h4 Rxb4 35. f4 Rb5 36. g4 Rxa5 37. g5 Ra3 0-1

[Event "COL-ch sf2 U16"]
[Site "Cartagena"]
[Date "2016.04.30"]
[Round "5.9"]
[White "Florez Hernandez, Alejandro"]
[Black "Florez Hernandez, Bairon"]
[Result "0-1"]
[WhiteElo "1455"]
[BlackElo "1460"]
[PlyCount "42"]
[EventDate "2016.04.28"]
[EventType "swiss"]
[EventRounds "6"]
[EventCountry "COL"]
[SourceTitle "EXT 2024"]
[Source "ChessBase"]
[SourceDate "2023.10.10"]
[SourceVersion "1"]
[SourceVersionDate "2023.10.10"]
[SourceQuality "1"]

1. e4 e5 2. d3 Nf6 3. Nf3 Nc6 4. Nc3 Bb4 5. Bd2 Nd4 6. Nd5 Nxf3+ 7. Qxf3 Bxd2+ 8. Kxd2 Nxd5 9. exd5 Qg5+ 10. Ke1 d6 11. h3 0-0 12. Rd1 Bf5 13. g4 e4 14. dxe4 Bxe4 15. Qb3 Rfe8 16. Qb5 Bd3+ 17. Be2 Bxb5 18. c4 Bxc4 19. a3 Rxe2+ 20. Kf1 Rd2+ 21. Ke1 Re8# 0-1

[Event "COL-ch sf2 U16"]
[Site "Cartagena"]
[Date "2016.04.30"]
[Round "4.5"]
[White "Iriarte Espeleta, Sebastian"]
[Black "Florez Hernandez, Alejandro"]
[Result "1-0"]
[WhiteElo "1541"]
[BlackElo "1455"]
[PlyCount "38"]
[EventDate "2016.04.28"]
[EventType "swiss"]
[EventRounds "6"]
[EventCountry "COL"]
[SourceTitle "EXT 2024"]
[Source "ChessBase"]
[SourceDate "2023.10.10"]
[SourceVersion "1"]
[SourceVersionDate "2023.10.10"]
[SourceQuality "1"]

1. e4 e5 2. Nf3 Nc6 3. d4 exd4 4. Nxd4 Nxd4 5. Qxd4 Nf6 6. Nc3 b6 7. Bg5 Be7 8. Bc4 Nxe4 9. Bxe7 Qxe7 10. Qxe4 Qxe4+ 11. Nxe4 0-0 12. 0-0-0 Bb7 13. Bd5 Bxd5 14. Rxd5 c6 15. Rxd7 f5 16. Nc3 a5 17. Re1 Rf7 18. Ree7 Rxe7 19. Rxe7 g6 1-0

[Event "COL-ch sf2 U16"]
[Site "Cartagena"]
[Date "2016.04.29"]
[Round "3.4"]
[White "Florez Hernandez, Alejandro"]
[Black "Marcial Torres, Jesus"]
[Result "0-1"]
[WhiteElo "1455"]
[BlackElo "2037"]
[PlyCount "24"]
[EventDate "2016.04.28"]
[EventType "swiss"]
[EventRounds "6"]
[EventCountry "COL"]
[SourceTitle "EXT 2024"]
[Source "ChessBase"]
[SourceDate "2023.10.10"]
[SourceVersion "1"]
[SourceVersionDate "2023.10.10"]
[SourceQuality "1"]

1. d4 e6 2. e3 Nf6 3. Nf3 b6 4. b3 Bb7 5. Bd3 d6 6. Bb2 Nbd7 7. 0-0 Be7 8. Bb5 0-0 9. Bxd7 Qxd7 10. Nbd2 Rad8 11. e4 Nxe4 12. Nxe4 Bxe4 0-1